Gagasan bangsa Malayan yang bersatu (1945-57)

Bibliographic Details
Main Author: Mohd Ashraf Ibrahim
Format: Book
Published: Bangi : Penerbit Universiti Kebangsaan Malaysia , 2004
Subjects:

MARC

LEADER 00000cam a2200000 7i4500
001 0000076500
005 20040610.0
020 |a 9679426327 
090 0 0 |a 959.5106   |b MOH 
100 0 |a Mohd Ashraf Ibrahim 
245 1 0 |a Gagasan bangsa Malayan yang bersatu (1945-57)   |c Mohd Ashraf Ibrahim 
260 |a Bangi :   |b Penerbit Universiti Kebangsaan Malaysia ,   |c 2004 
300 |a 265p. :   |b ill. ;   |c 23cm. 
650 0 0 |a Malay   |x History 
650 0 0 |a Political parties   |z Malaysia   |x History 
999 |a 00170357   |b BUKU   |c MALAYSIANA   |e PERPUSTAKAAN KOMUNITI PETALING JAYA